| 000 | 00573nam a2200157 a 4500 | ||
|---|---|---|---|
| 008 | 120416s1969 ||||||||||||||||| || u | ||
| 050 | _aTK 6564.F7 Fre | ||
| 100 | _aThomson, J | ||
| 245 | 1 | 0 |
_aFrequency conversion, parts I, II (and) III _cedited by J. Thomson |
| 260 |
_aLondon _bWykeham Publications _c1969 |
||
| 300 | _aviii, 207p. : ill | ||
| 350 | _a0.00 | ||
| 700 | _aTurk, W.E | ||
| 700 | _aBeesley, M. J | ||
| 995 |
_D0.00 _FCBU-MAIN LIBRARY (Kitwe) _H1 _I39.25 _UAVAILABLE _ZMain Library Open Access Collection |
||
| 999 |
_c43993 _d43993 |
||